<?xml version="1.0" encoding="UTF-8"?>
<record
    xmlns:xsi="http://www.w3.org/2001/XMLSchema-instance"
    xsi:schemaLocation="http://www.loc.gov/MARC21/slim http://www.loc.gov/standards/marcxml/schema/MARC21slim.xsd"
    xmlns="http://www.loc.gov/MARC21/slim">

  <leader>06954nam a2200481Ia 4500</leader>
  <controlfield tag="001">dia_859</controlfield>
  <controlfield tag="003">CHAP</controlfield>
  <controlfield tag="005">20250828104551.0</controlfield>
  <controlfield tag="007">ta</controlfield>
  <controlfield tag="008">220117s1998    mx ad  frm    001 0 spa d</controlfield>
  <datafield tag="010" ind1=" " ind2=" ">
    <subfield code="a">171408</subfield>
  </datafield>
  <datafield tag="040" ind1=" " ind2=" ">
    <subfield code="c">CHAP</subfield>
    <subfield code="a">mxchpua</subfield>
    <subfield code="e">rda</subfield>
  </datafield>
  <datafield tag="041" ind1="0" ind2=" ">
    <subfield code="a">spa</subfield>
    <subfield code="b">eng</subfield>
  </datafield>
  <datafield tag="090" ind1=" " ind2=" ">
    <subfield code="a">Tesis </subfield>
    <subfield code="b">V352 </subfield>
    <subfield code="c">1998</subfield>
  </datafield>
  <datafield tag="100" ind1="1" ind2=" ">
    <subfield code="a">Valencia Nafarrete, Marcos Vinicio</subfield>
  </datafield>
  <datafield tag="240" ind1="1" ind2="3">
    <subfield code="a">A study of the use of various additives to improve the breadmaking quality of flour blends from durum wheat (Triticum durum) and bread wheat (Triticum aestivum) /</subfield>
    <subfield code="l">Espa&#xF1;ol</subfield>
  </datafield>
  <datafield tag="245" ind1="1" ind2="0">
    <subfield code="a">Uso de aditivos para mejorar la calidad de panificaci&#xF3;n en mezclas de harinas de trigo durum y aestivum /</subfield>
    <subfield code="c">Marcos Vinicio Valencia Nafarrete y &#xC1;aron Valenzuela Camacho</subfield>
  </datafield>
  <datafield tag="264" ind1=" " ind2=" ">
    <subfield code="a">Chapingo, M&#xE9;xico :</subfield>
    <subfield code="b">El autor,</subfield>
    <subfield code="c">1998</subfield>
  </datafield>
  <datafield tag="300" ind1=" " ind2=" ">
    <subfield code="a">99 hojas :</subfield>
    <subfield code="b">ilustraciones, gr&#xE1;ficas, tablas</subfield>
  </datafield>
  <datafield tag="336" ind1=" " ind2=" ">
    <subfield code="2">rdacontent</subfield>
    <subfield code="a">texto</subfield>
    <subfield code="b">txt</subfield>
  </datafield>
  <datafield tag="337" ind1=" " ind2=" ">
    <subfield code="2">rdamedia</subfield>
    <subfield code="a">no mediado</subfield>
    <subfield code="b">n</subfield>
  </datafield>
  <datafield tag="338" ind1=" " ind2=" ">
    <subfield code="2">rdacarrier</subfield>
    <subfield code="a">volumen</subfield>
    <subfield code="b">nc</subfield>
  </datafield>
  <datafield tag="502" ind1=" " ind2=" ">
    <subfield code="a">Tesis </subfield>
    <subfield code="b">(Ingeniero Agroindustrial) -- </subfield>
    <subfield code="c">UACh. Departamento de Ingenier&#xED;a Agroindustrial, </subfield>
    <subfield code="d">1998</subfield>
  </datafield>
  <datafield tag="504" ind1=" " ind2=" ">
    <subfield code="a">Bibliograf&#xED;a: hojas 83-93</subfield>
  </datafield>
  <datafield tag="520" ind1="3" ind2=" ">
    <subfield code="a">Ante la necesidad de aumentar la producci&#xF3;n de harinas panificables debido al d&#xE9;ficit de 1.7 millones de toneladas de trigos harineros (TH) y al excedente de trigos cristalinos (TC) en el ciclo oto&#xF1;o-invierno 1995-96, se propuso esta investigaci&#xF3;n con el objetivo de buscar nuevas alternativas de utilizaci&#xF3;n del TC en panificaci&#xF3;n. Para ello, se establecieron dos experimentos independientes a nivel laboratorio. En el experimento I se mezclaron trigos de las variedades Aconchi C-89 (TC) y Opata M-85 (TH) para producir harinas en un molino experimental Buhler MLU 202. Las proporciones en porcentaje estudiadas fueron: 5:95, 10:90, 15:85, 20:80 y 25:75 de TC a TH respectivamente, y se incluyeron como testigo las harinas correspondientes al 100 % de cada tipo de trigo. A las harinas obtenidas se les incorpor&#xF3; estearil lactilato de sodio (0.5%) y &#xE1;cido asc&#xF3;rbico (100 ppm.) para evaluar su calidad de panificaci&#xF3;n. En el experimento II se estudi&#xF3; el efecto de la adici&#xF3;n de gluten vital y enzimas (a-amilasas, proteasas y mezcla de ambas) en el potencial de panificaci&#xF3;n de las harinas testigo. Los resultados obtenidos en el experimento I indicaron que el rendimiento harinero de la variedad Aconchi C-89 fue bajo (50 %) y su harina se caracteriz&#xF3; por tener valores m&#xE1;s altos de cenizas, pigmentos carotenoides y un comportamiento de panificaci&#xF3;n inferior a la harina de la variedad Opata M-85. Las propiedades reol&#xF3;gicas y de panificaci&#xF3;n de las harinas mostraron que al incorporar los diferentes niveles de TC se observaron cambios significativos en los alveogramas, farinogramas, extensogramas, y en el volumen y caracteristicas de calidad del pan (apariencia, color y textura de la miga). El nivel &#xF3;ptimo fue el 10 %. Las mezclas con altas proporciones de TC produjeron panes con un acentuado color amarillo y caracter&#xED;sticas del grano de la miga abierta. Con la adici&#xF3;n de estearil lactilato de sodio y &#xE1;cido asc&#xF3;rbico en las formulaciones de pan, el volumen y calidad de los panes se mejoraron notoriamente y el nivel &#xF3;ptimo se increment&#xF3; hasta el 20% (P &gt;0.05), comparado con el testigo 100 % de TH. Los resultados del experimento II revelaron, que la adici&#xF3;n de gluten vital Y, diferentes concentraciones (0-40 mg/Kg harina) de amilasas (fungales y bacterianas), proteasas y mezclas de a-amilasas-proteasas a las harinas testigo (100 % TC y TH, respectivamente), increment&#xF3; el volumen del pan en forma significativa. La adici&#xF3;n de a amilasa fungal proporcion&#xF3; vol&#xFA;menes de pan mayores que las proteasas, y las harinas con mezclas de a-amilasas-proteasas tuvieron el mejor comportamiento de panificaci&#xF3;n.&#xA0;--</subfield>
  </datafield>
  <datafield tag="520" ind1="3" ind2=" ">
    <subfield code="a">Because of the need to increase the production of flours for breadmaking due to the deficit of 1.7 millions tons of bread wheat (BW) and the excess in the production of durum wheat (DW), this research was proposed with the overall objetive of increasing the utilization and value-added potential of DW in breadmaking. For this reason, two independant experiments where conducted at laboratory level. In experiment number 1, blends of DW cultivar Aconchi C-89 and BW cultivar Opata M-85 were milled in the experimental Buhler mill MLU-202. The ratio levels (amounts in percentages) of DW to BW studied were: 5:95, 10:90, 15:85, 20:80, 25:75, and 100% (controls) of cach type of wheat. Bread aditives were incorporated separately (amounts based on flour weight): sodium estearoyl-2-lactylate (SSL), (0.5%), ascorbic acid (AA), (100pp) for baking properties. In experiment number 2, the efYect of added enzymes (a-amylases, proteases and mixtures of a-amylases-proteases) and vital gluten on the baking potential of DW and BW flours were evaluated. Results from experiment number 1 indicated that flour yield for cultivar Aconchi C-89 was low (50%) and its flour was characterized by higher values for ash and pigments contents and breadmaking quality inferior than flour from cultivar Opata M-85. The rheological and baking properties of the blends showed that the incorporation of different levels of DW to BW produced significant changes in the parameters from the alveograph, farinograph and extensigraph analysis and bake test. Blends that produced bread with acceptable characteristics contained 10% of DW. Blends with higher levels of DW produced breads with a marked yellow crumb color and a coarse, dense and rough crumb structure. Incorporating SSL and AA markedly improved both loaf volumes and bread quality characteristics, and increased the optium level of DW up to 20% (P &gt; 0.05) as compared to the control BW. Results from experiment number 2 revealed that the addition of different concentrations (0-40 mg/Kg of flour) of a-amylase (fungal and bacterial), proteases and mixture of a-amylase-protease) markedly increased loaf volume for both control flours. Of the enzimes, the addition of fungal a-amylase gave higher loaf volumes than did proteases and flours with added mixtures of a-amylase-proteases had a greater effect on the breadmaking potential of DW flour.&#xA0;</subfield>
  </datafield>
  <datafield tag="650" ind1="1" ind2="3">
    <subfield code="a">Panificaci&#xF3;n</subfield>
    <subfield code="2">atg</subfield>
  </datafield>
  <datafield tag="650" ind1="1" ind2="3">
    <subfield code="a">Harina de trigo</subfield>
    <subfield code="x">Variedades  </subfield>
    <subfield code="2">atg</subfield>
  </datafield>
  <datafield tag="650" ind1="1" ind2="3">
    <subfield code="a">Harina de trigo</subfield>
    <subfield code="x">Calidad del producto  </subfield>
    <subfield code="2">atg</subfield>
  </datafield>
  <datafield tag="650" ind1="1" ind2="3">
    <subfield code="a">Aditivos alimentarios</subfield>
    <subfield code="2">atg</subfield>
  </datafield>
  <datafield tag="650" ind1="1" ind2="3">
    <subfield code="a">Breadmaking  </subfield>
    <subfield code="2">atg</subfield>
  </datafield>
  <datafield tag="650" ind1="1" ind2="3">
    <subfield code="a">Wheat flour</subfield>
    <subfield code="x">Varieties  </subfield>
    <subfield code="2">atg</subfield>
  </datafield>
  <datafield tag="650" ind1="1" ind2="3">
    <subfield code="a">Wheat flour</subfield>
    <subfield code="x">Product quality</subfield>
    <subfield code="2">atg</subfield>
  </datafield>
  <datafield tag="650" ind1="1" ind2="3">
    <subfield code="a">Food additives  </subfield>
    <subfield code="2">atg</subfield>
  </datafield>
  <datafield tag="700" ind1="1" ind2=" ">
    <subfield code="a">Valenzuela Camacho, &#xC1;aron</subfield>
    <subfield code="e">autor</subfield>
  </datafield>
  <datafield tag="700" ind1="1" ind2=" ">
    <subfield code="a">Salazar Zazueta, Alfredo</subfield>
    <subfield code="e">director</subfield>
  </datafield>
  <datafield tag="700" ind1="1" ind2=" ">
    <subfield code="a">Santos Moreno, Armando</subfield>
    <subfield code="e">asesor</subfield>
  </datafield>
  <datafield tag="700" ind1="1" ind2=" ">
    <subfield code="a">V&#xE1;zquez Carrillo, Mar&#xED;a Gricelda</subfield>
    <subfield code="e">asesora</subfield>
  </datafield>
  <datafield tag="901" ind1=" " ind2=" ">
    <subfield code="a">TESIS V352 1998</subfield>
  </datafield>
  <datafield tag="902" ind1=" " ind2=" ">
    <subfield code="a">M</subfield>
  </datafield>
  <datafield tag="905" ind1=" " ind2=" ">
    <subfield code="a">0000001998                          mx A   0000000000spa00</subfield>
  </datafield>
  <datafield tag="942" ind1=" " ind2=" ">
    <subfield code="c">TESIS</subfield>
    <subfield code="2">Clasificaci&#xF3;n Universidad Aut&#xF3;noma Chapingo</subfield>
  </datafield>
  <datafield tag="999" ind1=" " ind2=" ">
    <subfield code="c">171408</subfield>
    <subfield code="d">171408</subfield>
  </datafield>
  <datafield tag="952" ind1=" " ind2=" ">
    <subfield code="0">0</subfield>
    <subfield code="1">0</subfield>
    <subfield code="2">local</subfield>
    <subfield code="4">0</subfield>
    <subfield code="5">1</subfield>
    <subfield code="7">0</subfield>
    <subfield code="8">TESIS</subfield>
    <subfield code="a">IA_</subfield>
    <subfield code="b">IA_</subfield>
    <subfield code="e">El autor</subfield>
    <subfield code="l">0</subfield>
    <subfield code="o">Tesis V352 1998</subfield>
    <subfield code="p">1101015896</subfield>
    <subfield code="r">2026-02-02 00:00:00</subfield>
    <subfield code="t">Ej. 1</subfield>
    <subfield code="y">TESIS</subfield>
  </datafield>
  <datafield tag="952" ind1=" " ind2=" ">
    <subfield code="0">0</subfield>
    <subfield code="1">0</subfield>
    <subfield code="2">local</subfield>
    <subfield code="4">0</subfield>
    <subfield code="5">5</subfield>
    <subfield code="7">0</subfield>
    <subfield code="8">TESIS</subfield>
    <subfield code="a">IA_</subfield>
    <subfield code="b">IA_</subfield>
    <subfield code="d">2025-08-27</subfield>
    <subfield code="e">El autor</subfield>
    <subfield code="l">0</subfield>
    <subfield code="o">Tesis V352 1998</subfield>
    <subfield code="p">1101015897</subfield>
    <subfield code="r">2026-02-02 00:00:00</subfield>
    <subfield code="t">Ej. 2</subfield>
    <subfield code="w">2025-08-27</subfield>
    <subfield code="y">TESIS</subfield>
  </datafield>
</record>
